Modeling in natural resource management : (Registro nro. 2547)

Detalles MARC
000 -CABECERA
Campo de control 01218cam a2200301 i 4500
005 - FECHA Y HORA DE LA ULTIMA TRANSACCION
Campo de control 20160131122130.0
008 - ELEMENTOS DE LONGITUD FIJA—INFORMACION GENERAL
Campo de control 001212s2001 dcuab b 001 0 eng
020 ## - ISBN
ISBN 1559637390 (cloth : alk. paper)
020 ## - ISBN
ISBN 1559637404 (paper : alk. paper)
040 ## - FUENTE DE CATALOGACIÓN
Agencia catalogadora original DLC
Agencia transcriptora DLC
Agencia Modificadora DLC
-- CO-BoIAVH
041 ## - IDIOMA
Código de idioma para texto/pista de sonido o título separado Inglés
042 ## - AUTHENTICATION CODE
Authentication code pcc
044 ## - PAÍS DE PUBLICACIÓN
País de publicación Estados Unidos
082 04 - NUMERO DE CLASIFICACION DECIMAL DEWEY
Número de clasificación 333.950151
Número del ítem M68m
245 00 - MENCION DE TITULO
Título Modeling in natural resource management :
Parte restante del título development, interpretation, and application /
Mención de responsabilidad edited by Tanya M. Shenk and Alan B. Franklin.
260 ## - PUBLICACION, DISTRIBUCION, ETC. (PIE DE IMPRENTA)
Lugar de publicación, distribución, etc. Washington, DC :
Nombre del editor, distribuidor, etc. Island Press,
Fecha de publicación, distribución, etc. c2001.
300 ## - DESCRIPCION FISICA
Extensión xiii, 223 páginas :
Otros detalles físicos ilustraciones y mapas ;
Dimensiones 24 cm.
504 ## - NOTA DE BIBLIOGRAFIA, ETC.
Nota de bibliografía Incluye referencias bibliográficas e índice.
650 14 - ASIENTO SECUNDARIO DE MATERIA - TERMINO TEMATICO
Término temático o nombre geográfico como elemento de entrada Ecología
Subdivisión general Métodos estadísticos
9 (RLIN) 56103
650 24 - ASIENTO SECUNDARIO DE MATERIA - TERMINO TEMATICO
Término temático o nombre geográfico como elemento de entrada Biología de población
Subdivisión general Métodos estadísticos
9 (RLIN) 56104
650 24 - ASIENTO SECUNDARIO DE MATERIA - TERMINO TEMATICO
Término temático o nombre geográfico como elemento de entrada Recursos naturales
Subdivisión general Métodos estadísticos
9 (RLIN) 56105
650 24 - ASIENTO SECUNDARIO DE MATERIA - TERMINO TEMATICO
Término temático o nombre geográfico como elemento de entrada Ecología
Subdivisión general Modelos matemáticos
9 (RLIN) 56106
650 24 - ASIENTO SECUNDARIO DE MATERIA - TERMINO TEMATICO
Término temático o nombre geográfico como elemento de entrada Biología de población
Subdivisión general Modelos matemáticos
9 (RLIN) 56107
650 24 - ASIENTO SECUNDARIO DE MATERIA - TERMINO TEMATICO
Término temático o nombre geográfico como elemento de entrada Recursos naturales
Subdivisión general Modelos matemáticos
9 (RLIN) 56108
700 1# - ASIENTO SECUNDARIO - NOMBRE PERSONAL
Nombre personal Shenk, Tanya M.,
Término de relación editora.
9 (RLIN) 16454
700 1# - ASIENTO SECUNDARIO - NOMBRE PERSONAL
Nombre personal Franklin, Alan B.
Término de relación editor.
9 (RLIN) 16456
942 ## - ELEMENTOS ADICIONALES (KOHA)
Sistema de clasificación Dewey Decimal Classification
Tipo de ítem Libro
Existencias
Withdrawn status Lost status Sistema de Clasificación Damaged status No para préstamo Colección Inventariado Ubicación Permanente Ubicación actual Fecha de adquisición Fuente de Valor Valor Total Checkouts Número topográfico Inventario / Código de Barras Date last seen Ejemplar Price effective from Forma de adquisición Tipo de material
    Dewey Decimal Classification     General Inventariado 2017 Bogotá Bogotá 11/02/2002 Instituto 39000.00   LB-333.950151 M68m 003142 04/12/2012 Ej. 1 04/12/2012   Libro
    Dewey Decimal Classification     General Inventariado 2017 Sala Fabio Quevedo Sala Fabio Quevedo 18/06/2002 Instituto 39000.00   LB-333.950151 M68m 018044 04/12/2012 Ej. 2 04/12/2012 Donación Libro